<?xml version="1.0" encoding="UTF-8"?>
<collection xmlns="http://www.loc.gov/MARC21/slim">
 <record>
  <leader>00382pamaa2200145   4500</leader>
  <controlfield tag="001">0000029541</controlfield>
  <controlfield tag="005">20080613090000.0</controlfield>
  <datafield tag="020" ind1="0" ind2="0">
   <subfield code="a">0790610914 </subfield>
  </datafield>
  <datafield tag="090" ind1="0" ind2="0">
   <subfield code="a">TA1750 </subfield>
   <subfield code="b">MAR 1997</subfield>
  </datafield>
  <datafield tag="100" ind1="1" ind2="0">
   <subfield code="a">MARTIN </subfield>
  </datafield>
  <datafield tag="245" ind1="1" ind2="0">
   <subfield code="a">Optoelectronics : </subfield>
   <subfield code="b">vol. 1  </subfield>
   <subfield code="c">Vaughn D. Martin.</subfield>
  </datafield>
  <datafield tag="260" ind1="0" ind2="0">
   <subfield code="a">Indianapolis: </subfield>
   <subfield code="b">Prompt Publications, </subfield>
   <subfield code="c">1997.</subfield>
  </datafield>
  <datafield tag="300" ind1=" " ind2=" ">
   <subfield code="a">viii, 263p.: </subfield>
   <subfield code="b">ill.; </subfield>
   <subfield code="c">28cm.</subfield>
  </datafield>
  <datafield tag="650" ind1="0" ind2="0">
   <subfield code="a">Optoelectronics </subfield>
  </datafield>
 </record>
</collection>
